Plagiaterkennung und Plagiatvermeidung an Universitäten und Bibliotheken
Saved in:
| Main Author: | |
|---|---|
| Format: | Article (Journal) |
| Language: | German |
| Published: |
2012
|
| In: |
Bibliothek
Year: 2012, Volume: 36, Issue: 2, Pages: 200-206 |
| ISSN: | 0341-4183 |
| Online Access: |
|
| Author Notes: | Martin Nissen |
MARC
| LEADER | 00000caa a22000002c 4500 | ||
|---|---|---|---|
| 001 | 1440836310 | ||
| 003 | DE-627 | ||
| 005 | 20220810184914.0 | ||
| 007 | tu | ||
| 008 | 120910s2012 xx ||||| 00| ||ger c | ||
| 035 | |a (DE-627)1440836310 | ||
| 035 | |a (DE-576)370836316 | ||
| 035 | |a (DE-599)BSZ370836316 | ||
| 035 | |a (OCoLC)1340428275 | ||
| 040 | |a DE-627 |b ger |c DE-627 |e rakwb | ||
| 041 | |a ger | ||
| 084 | |a 02 |2 sdnb | ||
| 100 | 1 | |a Nissen, Martin |d 1977- |0 (DE-588)101415331X |0 (DE-627)705177238 |0 (DE-576)348371772 |4 aut | |
| 245 | 1 | 0 | |a Plagiaterkennung und Plagiatvermeidung an Universitäten und Bibliotheken |c Martin Nissen |
| 264 | 1 | |c 2012 | |
| 300 | |a 7 | ||
| 336 | |a Text |b txt |2 rdacontent | ||
| 337 | |a ohne Hilfsmittel zu benutzen |b n |2 rdamedia | ||
| 338 | |a Band |b nc |2 rdacarrier | ||
| 773 | 0 | 8 | |i In |t Bibliothek |d Berlin : de Gruyter Saur, 1977 |g 36(2012), 2, Seite 200-206 |w (DE-627)12961193X |w (DE-600)243153-1 |w (DE-576)015107671 |x 0341-4183 |7 nnas |a Plagiaterkennung und Plagiatvermeidung an Universitäten und Bibliotheken |
| 773 | 1 | 8 | |g volume:36 |g year:2012 |g number:2 |g pages:200-206 |g extent:7 |a Plagiaterkennung und Plagiatvermeidung an Universitäten und Bibliotheken |
| 776 | 0 | 8 | |i Erscheint auch als |n Online-Ausgabe |a Nissen, Martin, 1977 - |t Plagiaterkennung und Plagiatvermeidung an Universitäten und Bibliotheken |d Berlin : de Gruyter, 2012 |h 1 Online-Ressource |w (DE-627)1656739321 |w (DE-576)494850930 |
| 951 | |a AR | ||
| 992 | |a 20120910 | ||
| 993 | |a Article | ||
| 994 | |a 2012 | ||
| 998 | |g 101415331X |a Nissen, Martin |m 101415331X:Nissen, Martin |d 700000 |d 701000 |e 700000PN101415331X |e 701000PN101415331X |k 0/700000/ |k 1/700000/701000/ |p 1 |x j |y j | ||
| 999 | |a KXP-PPN1440836310 |e 272265072X | ||
| BIB | |a Y | ||
| SER | |a journal | ||
| JSO | |a {"recId":"1440836310","title":[{"title_sort":"Plagiaterkennung und Plagiatvermeidung an Universitäten und Bibliotheken","title":"Plagiaterkennung und Plagiatvermeidung an Universitäten und Bibliotheken"}],"id":{"eki":["1440836310"]},"person":[{"given":"Martin","display":"Nissen, Martin","family":"Nissen","role":"aut"}],"name":{"displayForm":["Martin Nissen"]},"origin":[{"dateIssuedKey":"2012","dateIssuedDisp":"2012"}],"physDesc":[{"extent":"7 S."}],"relHost":[{"part":{"pages":"200-206","issue":"2","year":"2012","text":"36(2012), 2, Seite 200-206","extent":"7","volume":"36"},"recId":"12961193X","title":[{"title_sort":"Bibliothek","subtitle":"Forschung und Praxis","title":"Bibliothek"}],"id":{"eki":["12961193X"],"issn":["0341-4183"],"zdb":["243153-1"]},"name":{"displayForm":["hrsg. von Paul Kaegbein ; Hans Joachim Kuhlmann ; Elmar Mittler"]},"titleAlt":[{"title":"Bibliothek, Forschung und Praxis"}],"origin":[{"publisher":"de Gruyter Saur ; Verl. Dokumentation ; Saur ; de Gruyter ; Saur","dateIssuedKey":"1977","publisherPlace":"Berlin ; New York, NY ; München ; München ; Berlin ; New York, NY ; München","dateIssuedDisp":"1977-"}],"physDesc":[{"noteFormat":"30 cm"}],"type":{"bibl":"periodical"},"pubHistory":["1.1977 -"],"language":["ger"],"disp":"Plagiaterkennung und Plagiatvermeidung an Universitäten und BibliothekenBibliothek"}],"type":{"bibl":"article-journal"},"language":["ger"]} | ||
| SRT | |a NISSENMARTPLAGIATERK2012 | ||